[Event "Bunratty Masters 27th"]
[Site "Bunratty"]
[Date "2020.02.23"]
[Round "5"]
[White "Lucchi, Lorenzo"]
[Black "Grochowalski, Pawel"]
[Result "1-0"]
[WhiteElo "2111"]
[BlackElo "2099"]
[PlyCount "67"]
[EventDate "2020.02.21"]
[EventType "swiss"]
[EventRounds "6"]
[EventCountry "IRL"]
[SourceTitle "EXT 2023"]
[Source "ChessBase"]
[SourceDate "2022.10.05"]
[SourceVersion "1"]
[SourceVersionDate "2022.10.05"]
[SourceQuality "1"]

1. e4 c6 2. Nf3 d5 3. Nc3 Bg4 4. d4 e6 5. h3 Bxf3 6. Qxf3 dxe4 7. Qxe4 Nf6 8. Qd3 Be7 9. Bd2 Nbd7 10. g4 Nd5 11. 0-0-0 Bg5 12. Nxd5 Bxd2+ 13. Rxd2 cxd5 14. f4 Qa5 15. Qb5 Qxb5 16. Bxb5 h5 17. g5 a6 18. Bd3 g6 19. b3 b5 20. Kb2 Nb6 21. Ra1 Kd7 22. Rdd1 Rhc8 23. Kc1 Ra7 24. Re1 Rcc7 25. Kd2 Kd6 26. a3 Kd7 27. Ra2 Kd6 28. Re5 Nd7 29. Re3 Nb6 30. Rb2 Rc6 31. Rb1 Rcc7 32. Ra1 Rc6 33. Rae1 Rcc7 34. Bxg6 1-0

[Event "Bunratty Masters 27th"]
[Site "Bunratty"]
[Date "2020.02.21"]
[Round "1"]
[White "Heidenfeld, Mark"]
[Black "Grochowalski, Pawel"]
[Result "1/2-1/2"]
[WhiteElo "2361"]
[BlackElo "2099"]
[PlyCount "72"]
[EventDate "2020.02.21"]
[EventType "swiss"]
[EventRounds "6"]
[EventCountry "IRL"]
[SourceTitle "EXT 2023"]
[Source "ChessBase"]
[SourceDate "2022.10.05"]
[SourceVersion "1"]
[SourceVersionDate "2022.10.05"]
[SourceQuality "1"]

1. e4 c6 2. d4 d5 3. Nc3 dxe4 4. Nxe4 Bf5 5. Ng3 Bg6 6. h4 h6 7. Nh3 e6 8. Nf4 Bh7 9. Bc4 Nf6 10. Ngh5 Nbd7 11. c3 Nxh5 12. Nxh5 Nf6 13. Bf4 Nxh5 14. Qxh5 Bd6 15. Qg4 Bxf4 16. Qxf4 0-0 17. Rh3 Qb8 18. Qe3 Qd6 19. 0-0-0 Rfe8 20. g4 Rad8 21. f4 b5 22. Bd3 Bxd3 23. Rxd3 Qd5 24. a3 a5 25. Qd2 Qa2 26. Kd1 b4 27. cxb4 axb4 28. axb4 Rb8 29. Rb3 Qb1+ 30. Ke2 Qe4+ 31. Kf2 Red8 32. Rbd3 Rb5 33. h5 Rdb8 34. Rb3 Rd8 35. Rbd3 Rdb8 36. Rb3 Rd8 1/2-1/2

[Event "Wloclawek-ch"]
[Site "Wloclawek"]
[Date "2020.??.??"]
[Round "5"]
[White "Bozenda, Michal"]
[Black "Grochowalski, Pawel"]
[Result "1/2-1/2"]
[WhiteElo "1600"]
[BlackElo "2117"]
[PlyCount "36"]
[EventDate "2020.09.??"]
[EventType "swiss"]
[EventRounds "7"]
[EventCountry "POL"]
[SourceTitle "EXT 2021"]
[Source "ChessBase"]
[SourceDate "2020.10.23"]
[SourceVersion "1"]
[SourceVersionDate "2020.10.23"]
[SourceQuality "1"]

1. d4 c6 2. Nf3 d5 3. b3 Bf5 4. e3 e6 5. Bd3 Bg6 6. 0-0 Bd6 7. Re1 Nd7 8. Ba3 Bxa3 9. Nxa3 Qa5 10. Nb1 Bxd3 11. Qxd3 Ngf6 12. Nbd2 0-0 13. c4 Rfe8 14. Re2 c5 15. e4 cxd4 16. e5 Qc3 17. Qxd4 Qxd4 18. Nxd4 Ng4 1/2-1/2

[Event "Wloclawek-ch"]
[Site "Wloclawek"]
[Date "2020.??.??"]
[Round "3"]
[White "Jeziorny, Janusz"]
[Black "Grochowalski, Pawel"]
[Result "0-1"]
[WhiteElo "1710"]
[BlackElo "2117"]
[PlyCount "64"]
[EventDate "2020.09.??"]
[EventType "swiss"]
[EventRounds "7"]
[EventCountry "POL"]
[SourceTitle "EXT 2021"]
[Source "ChessBase"]
[SourceDate "2020.10.23"]
[SourceVersion "1"]
[SourceVersionDate "2020.10.23"]
[SourceQuality "1"]

1. e4 c6 2. d4 d5 3. Nc3 dxe4 4. Nxe4 Bf5 5. Ng3 Bg6 6. Bc4 e6 7. N1e2 Bd6 8. 0-0 Ne7 9. Bb3 0-0 10. c4 c5 11. Be3 cxd4 12. Bxd4 Nbc6 13. Bc3 Be5 14. Re1 Rc8 15. Rc1 Bxc3 16. Rxc3 Qc7 17. Qc1 Rfd8 18. Nf4 Nb4 19. c5 Ned5 20. Bxd5 Nxd5 21. Nxd5 Rxd5 22. b4 Qc6 23. Qe3 Rcd8 24. Ne2 Qa4 25. Nf4 Rd1 26. Rc1 Rxc1 27. Qxc1 Qxb4 28. Nxg6 hxg6 29. a3 Qa4 30. Qb2 Rd1 31. Qe2 Rxe1+ 32. Qxe1 Qxa3 0-1

[Event "Wloclawek-ch"]
[Site "Wloclawek"]
[Date "2019.??.??"]
[Round "5"]
[White "Grochowalski, Pawel"]
[Black "Wojcik, Bartlomiej"]
[Result "1-0"]
[WhiteElo "2085"]
[BlackElo "1100"]
[PlyCount "77"]
[EventDate "2019.09.??"]
[EventType "swiss"]
[EventRounds "9"]
[EventCountry "POL"]
[SourceTitle "EXT 2021"]
[Source "ChessBase"]
[SourceDate "2020.10.23"]
[SourceVersion "1"]
[SourceVersionDate "2020.10.23"]
[SourceQuality "1"]

1. d4 d5 2. Nf3 e6 3. c4 Nf6 4. Nc3 Be7 5. Bf4 b6 6. e3 Ba6 7. Qa4+ Qd7 8. Qxd7+ Nbxd7 9. cxd5 Bxf1 10. Rxf1 Nxd5 11. Nxd5 exd5 12. Bxc7 Rc8 13. Bg3 Rc2 14. Rb1 0-0 15. Kd1 Rfc8 16. Ne1 R2c6 17. Nd3 Bd6 18. Bxd6 Rxd6 19. Rc1 Rxc1+ 20. Kxc1 Rc6+ 21. Kd2 a5 22. f3 f5 23. Ne5 Nxe5 24. dxe5 Kf7 25. Rc1 Rxc1 26. Kxc1 g5 27. g3 g4 28. f4 Ke6 29. Kc2 Kd7 30. Kb3 b5 31. Kc3 Kc6 32. Kd4 h6 33. e6 Kd6 34. e7 Kxe7 35. Kxd5 Kd7 36. Ke5 Kc6 37. Kxf5 Kc5 38. e4 b4 39. e5 1-0

[Event "Wloclawek-ch"]
[Site "Wloclawek"]
[Date "2019.??.??"]
[Round "4"]
[White "Kulinski, Krzysztof"]
[Black "Grochowalski, Pawel"]
[Result "1/2-1/2"]
[WhiteElo "1977"]
[BlackElo "2085"]
[PlyCount "25"]
[EventDate "2019.09.??"]
[EventType "swiss"]
[EventRounds "9"]
[EventCountry "POL"]
[SourceTitle "EXT 2021"]
[Source "ChessBase"]
[SourceDate "2020.10.23"]
[SourceVersion "1"]
[SourceVersionDate "2020.10.23"]
[SourceQuality "1"]

1. Nf3 d5 2. d4 c6 3. c4 e6 4. Nc3 Nf6 5. cxd5 exd5 6. Bg5 Be7 7. e3 Bf5 8. Bd3 Bxd3 9. Qxd3 0-0 10. 0-0 Nbd7 11. Rfe1 Re8 12. a3 a5 13. h3 1/2-1/2

[Event "Wloclawek CC Classic 21st"]
[Site "Wloclawek"]
[Date "2018.??.??"]
[Round "5"]
[White "Grochowalski, Pawel"]
[Black "Jablonski, Mariusz"]
[Result "1/2-1/2"]
[WhiteElo "2056"]
[BlackElo "2114"]
[PlyCount "59"]
[EventDate "2018.06.??"]
[EventType "swiss"]
[EventRounds "7"]
[EventCountry "POL"]
[SourceTitle "EXT 2021"]
[Source "ChessBase"]
[SourceDate "2020.10.23"]
[SourceVersion "1"]
[SourceVersionDate "2020.10.23"]
[SourceQuality "1"]

1. c4 Nf6 2. Nc3 g6 3. g3 Bg7 4. Bg2 0-0 5. d3 d6 6. Nf3 e5 7. 0-0 c5 8. Bd2 Nc6 9. Rb1 Re8 10. e4 h6 11. a3 a5 12. h3 Be6 13. Kh2 Nd4 14. b4 axb4 15. axb4 b6 16. Nxd4 cxd4 17. Ne2 Rc8 18. f4 Kh7 19. fxe5 dxe5 20. Ra1 Nd7 21. Ra7 Ra8 22. Qa1 Qb8 23. Rxa8 Qxa8 24. Qb2 Qb7 25. Ra1 Ra8 26. Ra3 Bf8 27. g4 Ra7 28. Qa1 Rxa3 29. Qxa3 Bd6 30. Kg1 1/2-1/2

[Event "Wloclawek CC Classic 21st"]
[Site "Wloclawek"]
[Date "2018.??.??"]
[Round "3"]
[White "Grochowalski, Pawel"]
[Black "Kinas, Tomasz"]
[Result "1-0"]
[WhiteElo "2056"]
[BlackElo "1522"]
[PlyCount "65"]
[EventDate "2018.06.??"]
[EventType "swiss"]
[EventRounds "7"]
[EventCountry "POL"]
[SourceTitle "EXT 2021"]
[Source "ChessBase"]
[SourceDate "2020.10.23"]
[SourceVersion "1"]
[SourceVersionDate "2020.10.23"]
[SourceQuality "1"]

1. d4 d5 2. Nf3 e6 3. c4 c5 4. cxd5 exd5 5. g3 Nc6 6. Bg2 Nf6 7. 0-0 Be7 8. Nc3 Be6 9. Bg5 c4 10. Ne5 h6 11. Be3 Qc7 12. f4 Rd8 13. Kh1 0-0 14. h3 a6 15. g4 Bb4 16. a3 Bxc3 17. bxc3 b5 18. Qe1 Bc8 19. Qh4 Nh7 20. Bd2 Ne7 21. f5 f6 22. Nf3 Nc6 23. Qf2 Rfe8 24. Nh4 Na5 25. Bf4 Qe7 26. Ng6 Qxe2 27. Qxe2 Rxe2 28. Bc7 Nc6 29. Bxd8 Nxd8 30. Bxd5+ Nf7 31. Rae1 Rxe1 32. Rxe1 Bd7 33. Re7 1-0

[Event "POL-chT 2nd League"]
[Site "Szklarska Poreba"]
[Date "2017.09.09"]
[Round "8.16"]
[White "Zebracki, Tomasz"]
[Black "Grochowalski, Pawel"]
[Result "1-0"]
[WhiteElo "2188"]
[BlackElo "2134"]
[PlyCount "61"]
[EventDate "2017.09.02"]
[EventType "team-swiss"]
[EventRounds "9"]
[EventCountry "POL"]
[SourceTitle "CBM 180 Extra"]
[Source "ChessBase"]
[SourceDate "2017.10.06"]
[SourceVersion "1"]
[SourceVersionDate "2017.10.06"]
[SourceQuality "1"]
[WhiteTeam "Bydgoszcz Wiartrak"]
[BlackTeam "Wloclawek 1938"]
[WhiteTeamCountry "POL"]
[BlackTeamCountry "POL"]

1. e4 c6 2. c4 d5 3. exd5 cxd5 4. cxd5 Nf6 5. Qa4+ Nbd7 6. Nc3 g6 7. Nf3 Bg7 8. Bc4 0-0 9. d3 a6 10. Qa3 b6 11. 0-0 Bb7 12. Re1 Re8 13. Ng5 Rc8 14. Be3 Ne5 15. Rad1 h6 16. Nge4 Nxe4 17. Nxe4 b5 18. Bb3 Bxd5 19. Nc5 Bxb3 20. Qxb3 Ng4 21. Ne6 Qd6 22. Bf4 Be5 23. Bxe5 Nxe5 24. d4 Nc4 25. Qh3 Kh7 26. b3 Nb6 27. Qf3 Kg8 28. Qh3 Kh7 29. Nc5 Nd5 30. a3 a5 31. Qf3 1-0

[Event "POL-chT 2nd League"]
[Site "Szklarska Poreba"]
[Date "2017.09.07"]
[Round "6.16"]
[White "Brzezinski, Mateusz"]
[Black "Grochowalski, Pawel"]
[Result "1-0"]
[WhiteElo "2119"]
[BlackElo "2134"]
[PlyCount "81"]
[EventDate "2017.09.02"]
[EventType "team-swiss"]
[EventRounds "9"]
[EventCountry "POL"]
[SourceTitle "CBM 180 Extra"]
[Source "ChessBase"]
[SourceDate "2017.10.06"]
[SourceVersion "1"]
[SourceVersionDate "2017.10.06"]
[SourceQuality "1"]
[WhiteTeam "Bydgoszcz Hetman"]
[BlackTeam "Wloclawek 1938"]
[WhiteTeamCountry "POL"]
[BlackTeamCountry "POL"]

1. d4 Nf6 2. Bf4 d5 3. Nf3 e6 4. e3 c5 5. c3 Nc6 6. Nbd2 Bd6 7. Bg3 Qe7 8. Bb5 Bd7 9. 0-0 a6 10. Bxc6 Bxc6 11. Ne5 0-0 12. Nxc6 bxc6 13. Qa4 Bxg3 14. hxg3 Qb7 15. Qb3 Qa7 16. Qa3 Nd7 17. Nb3 c4 18. Na5 c5 19. b3 cxb3 20. axb3 Rac8 21. Rac1 Qb6 22. Rfd1 Nb8 23. c4 cxd4 24. c5 Qb5 25. Rxd4 Nc6 26. Nxc6 Rxc6 27. Rb4 Qd3 28. Rb6 Rcc8 29. Qxa6 Qd2 30. Qa1 h6 31. Qc3 Qe2 32. c6 Ra8 33. Re1 Qg4 34. c7 Qf5 35. Rc6 e5 36. Qc5 e4 37. Rc1 Rfc8 38. Rd6 Ra2 39. Rf1 Kh7 40. Rxd5 Qe6 41. Rd8 1-0

[Event "Portoroz op 11th"]
[Site "Portoroz"]
[Date "2017.07.29"]
[Round "9"]
[White "Cmor, Nino"]
[Black "Grochowalski, Pawel"]
[Result "1/2-1/2"]
[WhiteElo "2016"]
[BlackElo "2136"]
[PlyCount "28"]
[EventDate "2017.07.22"]
[EventType "swiss"]
[EventRounds "9"]
[EventCountry "SLO"]
[SourceTitle "EXT 2020"]
[Source "ChessBase"]
[SourceDate "2019.10.17"]
[SourceVersion "1"]
[SourceVersionDate "2019.10.17"]
[SourceQuality "1"]

1. e4 c6 2. d4 d5 3. f3 dxe4 4. fxe4 e5 5. Nf3 Bg4 6. Bc4 Nd7 7. c3 b5 8. Bb3 Bd6 9. 0-0 Ngf6 10. Bg5 Qc7 11. Re1 0-0 12. Nbd2 Bh5 13. a4 a6 14. Kh1 Rfe8 1/2-1/2

[Event "Portoroz op 11th"]
[Site "Portoroz"]
[Date "2017.07.26"]
[Round "6"]
[White "Grochowalski, Pawel"]
[Black "Kovacevic, Aleksandar"]
[Result "0-1"]
[WhiteElo "2136"]
[BlackElo "2507"]
[PlyCount "86"]
[EventDate "2017.07.22"]
[EventType "swiss"]
[EventRounds "9"]
[EventCountry "SLO"]
[SourceTitle "EXT 2018"]
[Source "ChessBase"]
[SourceDate "2017.10.13"]
[SourceVersion "1"]
[SourceVersionDate "2017.10.13"]
[SourceQuality "1"]

1. d4 Nf6 2. c4 e6 3. Nc3 Bb4 4. g3 c5 5. Nf3 cxd4 6. Nxd4 0-0 7. Bg2 d5 8. cxd5 Nxd5 9. Qb3 Bc5 10. Nc2 Nc6 11. 0-0 Na5 12. Qb5 Nxc3 13. Qxc5 Nxe2+ 14. Kh1 Nxc1 15. Raxc1 b6 16. Qe5 Bb7 17. Ne3 Bxg2+ 18. Kxg2 Rc8 19. b4 Nc6 20. Qe4 Qd4 21. Qxd4 Nxd4 22. Rfd1 Nb5 23. Rxc8 Rxc8 24. Rd7 Kf8 25. a4 Nc7 26. Nc4 Ne8 27. Ne5 f6 28. Nd3 Rc7 29. Rd8 Ke7 30. Ra8 Rd7 31. Ne1 Nd6 32. Nc2 Rc7 33. Nd4 e5 34. Rxa7 Rxa7 35. Nc6+ Kd7 36. Nxa7 Kc7 37. b5 Ne4 38. Nc6 Nc3 39. f4 Kd6 40. fxe5+ fxe5 41. Kf3 Nxa4 42. Ke4 Nc3+ 43. Kf5 e4 0-1

[Event "Portoroz op 11th"]
[Site "Portoroz"]
[Date "2017.07.23"]
[Round "3"]
[White "Bratovic, Blaz"]
[Black "Grochowalski, Pawel"]
[Result "1-0"]
[WhiteElo "2327"]
[BlackElo "2136"]
[PlyCount "39"]
[EventDate "2017.07.22"]
[EventType "swiss"]
[EventRounds "9"]
[EventCountry "SLO"]
[SourceTitle "EXT 2018"]
[Source "ChessBase"]
[SourceDate "2017.10.13"]
[SourceVersion "1"]
[SourceVersionDate "2017.10.13"]
[SourceQuality "1"]

1. e4 c6 2. d4 d5 3. e5 c5 4. dxc5 Nc6 5. Nf3 Bg4 6. c3 e6 7. Be3 Bxf3 8. Qxf3 Nxe5 9. Bb5+ Nc6 10. 0-0 a6 11. Ba4 Nge7 12. b4 Rc8 13. Nd2 Nf5 14. Nb3 Nxe3 15. fxe3 Qc7 16. Nd4 e5 17. Nxc6 bxc6 18. Qxd5 f6 19. Rad1 Be7 20. Qe6 1-0

[Event "Portoroz op 11th"]
[Site "Portoroz"]
[Date "2017.07.22"]
[Round "1"]
[White "Jager, Johann"]
[Black "Grochowalski, Pawel"]
[Result "0-1"]
[WhiteElo "1596"]
[BlackElo "2136"]
[PlyCount "66"]
[EventDate "2017.07.22"]
[EventType "swiss"]
[EventRounds "9"]
[EventCountry "SLO"]
[SourceTitle "EXT 2018"]
[Source "ChessBase"]
[SourceDate "2017.10.13"]
[SourceVersion "1"]
[SourceVersionDate "2017.10.13"]
[SourceQuality "1"]

1. d4 Nf6 2. c4 e6 3. Nf3 Bb4+ 4. Nc3 b6 5. e3 Bb7 6. Bd3 Bxc3+ 7. bxc3 d6 8. 0-0 Nbd7 9. Re1 e5 10. e4 0-0 11. Bg5 Re8 12. d5 h6 13. Bh4 Nf8 14. Qd2 Ng6 15. Bg3 Nh5 16. a4 a5 17. Re3 Nxg3 18. fxg3 Bc8 19. Rf1 Rf8 20. Ne1 Bd7 21. Bc2 Qe8 22. Qd1 Qc8 23. h3 Qa6 24. Bd3 Qa7 25. Kh2 Bxa4 26. Qd2 Rab8 27. Bc2 Bxc2 28. Nxc2 b5 29. cxb5 Rxb5 30. c4 Rb2 31. Ree1 Qc5 32. Qd3 Rfb8 33. Ne3 R8b3 0-1

[Event "Wloclawek CC Classic 19th"]
[Site "Wloclawek"]
[Date "2017.??.??"]
[Round "4"]
[White "Garbowski, Jerzy"]
[Black "Grochowalski, Pawel"]
[Result "0-1"]
[WhiteElo "1734"]
[BlackElo "2151"]
[PlyCount "94"]
[EventDate "2017.06.??"]
[EventType "swiss"]
[EventRounds "7"]
[EventCountry "POL"]
[SourceTitle "EXT 2021"]
[Source "ChessBase"]
[SourceDate "2020.10.23"]
[SourceVersion "1"]
[SourceVersionDate "2020.10.23"]
[SourceQuality "1"]

1. e4 c6 2. d4 g6 3. Nf3 Bg7 4. Bd3 d5 5. c3 dxe4 6. Bxe4 Nf6 7. Bc2 0-0 8. h3 Be6 9. 0-0 Bd5 10. Re1 Bxf3 11. Qxf3 Nbd7 12. Bf4 Re8 13. Bb3 e6 14. Nd2 Nd5 15. Bg3 Ne7 16. Bh4 Qc7 17. g4 b5 18. Ne4 Nd5 19. Bg3 Qd8 20. Kg2 N7b6 21. h4 a5 22. a3 a4 23. Ba2 Bf8 24. g5 Be7 25. Re2 Rf8 26. Qg4 Nc8 27. Rh1 Nd6 28. Bxd6 Bxd6 29. Bxd5 cxd5 30. Nf6+ Kg7 31. h5 Rh8 32. hxg6 hxg6 33. Ree1 Qc7 34. Rxh8 Rxh8 35. Rh1 Qd8 36. f4 Rxh1 37. Kxh1 Be7 38. Qh4 Bxf6 39. Qh6+ Kg8 40. gxf6 Qxf6 41. Kg2 Qf5 42. Kf3 Qe4+ 43. Kg3 Qf5 44. Qh2 Kg7 45. Qf2 g5 46. Qe2 Qxf4+ 47. Kg2 Qe4+ 0-1

[Event "Wloclawek-ch"]
[Site "Wloclawek"]
[Date "2017.??.??"]
[Round "9"]
[White "Grochowalski, Pawel"]
[Black "Lapinski, Jerzy"]
[Result "1-0"]
[WhiteElo "2134"]
[BlackElo "1311"]
[PlyCount "87"]
[EventDate "2017.10.??"]
[EventType "swiss"]
[EventRounds "9"]
[EventCountry "POL"]
[SourceTitle "EXT 2021"]
[Source "ChessBase"]
[SourceDate "2020.10.23"]
[SourceVersion "1"]
[SourceVersionDate "2020.10.23"]
[SourceQuality "1"]

1. d4 d5 2. c4 e6 3. Nc3 Nf6 4. Nf3 Be7 5. Bf4 Bd6 6. Bg5 h6 7. Bxf6 Qxf6 8. cxd5 exd5 9. Nxd5 Qf5 10. Nc3 0-0 11. g3 Re8 12. Bg2 c6 13. 0-0 Qa5 14. a3 Bg4 15. Re1 Nd7 16. h3 Bh5 17. Nd2 Qd8 18. Nf1 Qf6 19. Ne4 Qe7 20. Nxd6 Qxd6 21. Qd2 Rad8 22. e3 Ne5 23. g4 Bg6 24. Qc3 Nd7 25. Ng3 Nf6 26. Rac1 Ne4 27. Nxe4 Bxe4 28. Qc5 Bxg2 29. Qxd6 Rxd6 30. Kxg2 Ree6 31. Red1 Rg6 32. f4 f5 33. Kf3 Rd5 34. Rc5 fxg4+ 35. hxg4 Rgd6 36. Rdc1 Kf7 37. Rxd5 Rxd5 38. b4 Rb5 39. Ke4 a5 40. Rc5 b6 41. Rxb5 cxb5 42. f5 Ke7 43. Ke5 Kd7 44. e4 1-0

[Event "Wloclawek-ch"]
[Site "Wloclawek"]
[Date "2017.??.??"]
[Round "2"]
[White "Grochowalski, Pawel"]
[Black "Matusiak, Marcin"]
[Result "1-0"]
[WhiteElo "2134"]
[BlackElo "1564"]
[PlyCount "33"]
[EventDate "2017.10.??"]
[EventType "swiss"]
[EventRounds "9"]
[EventCountry "POL"]
[SourceTitle "EXT 2021"]
[Source "ChessBase"]
[SourceDate "2020.10.23"]
[SourceVersion "1"]
[SourceVersionDate "2020.10.23"]
[SourceQuality "1"]

1. d4 d5 2. Nf3 Nf6 3. Bf4 e6 4. e3 Bd6 5. Bg3 0-0 6. Bd3 Re8 7. Nbd2 b6 8. c3 Bb7 9. Ne5 Nbd7 10. Bb5 Bxe5 11. dxe5 Ne4 12. Nxe4 c6 13. Nd6 cxb5 14. Nxb7 Qc7 15. Nd6 Red8 16. Nxb5 Qc5 17. Nd4 1-0

[Event "Wloclawek CC Classic 19th"]
[Site "Wloclawek"]
[Date "2017.??.??"]
[Round "2"]
[White "Grochowalski, Pawel"]
[Black "Olechnicki, Krzysztof"]
[Result "1-0"]
[WhiteElo "2151"]
[BlackElo "1379"]
[PlyCount "133"]
[EventDate "2017.06.??"]
[EventType "swiss"]
[EventRounds "7"]
[EventCountry "POL"]
[SourceTitle "EXT 2021"]
[Source "ChessBase"]
[SourceDate "2020.10.23"]
[SourceVersion "1"]
[SourceVersionDate "2020.10.23"]
[SourceQuality "1"]

1. d4 d5 2. Nf3 Nf6 3. Bf4 Bf5 4. e3 e6 5. Bd3 Bxd3 6. Qxd3 c5 7. dxc5 Qa5+ 8. Nbd2 Qxc5 9. 0-0 Nbd7 10. c4 Bd6 11. Bxd6 Qxd6 12. cxd5 Qxd5 13. Qxd5 Nxd5 14. Rac1 0-0 15. e4 N5b6 16. Rc7 Rab8 17. Rfc1 Nf6 18. Kf1 Na8 19. R7c2 Nb6 20. Ke2 Rfc8 21. Ke3 Rxc2 22. Rxc2 Ng4+ 23. Ke2 Rc8 24. Rxc8+ Nxc8 25. Nc4 Kf8 26. Nd4 Ke7 27. f3 Nf6 28. Ke3 Nd7 29. g4 a6 30. f4 Nd6 31. Na5 f6 32. b4 Nb6 33. Kd3 Nd7 34. Ndb3 e5 35. f5 Nb8 36. Nd2 b6 37. Nac4 Nd7 38. Ne3 Kf7 39. Nd5 Nb5 40. Nc4 Nd4 41. Ncxb6 Nxb6 42. Nxb6 Nf3 43. h3 Ng1 44. a4 Nxh3 45. b5 axb5 46. a5 Nf2+ 47. Ke3 Nxg4+ 48. Kf3 Nh2+ 49. Ke2 h5 50. a6 g5 51. a7 g4 52. a8Q Nf3 53. Qd5+ Kg7 54. Qd7+ Kh6 55. Qf7 Kg5 56. Nd5 Nd4+ 57. Kd3 g3 58. Qxf6+ Kg4 59. Qg6+ Kh4 60. Nf6 Kh3 61. Qxh5+ Kg2 62. Nd5 Nf3 63. Ne3+ Kf2 64. Qxf3+ Kxf3 65. f6 b4 66. f7 b3 67. f8Q# 1-0

[Event "Wloclawek-ch"]
[Site "Wloclawek"]
[Date "2017.??.??"]
[Round "8"]
[White "Lyczko, Piotr"]
[Black "Grochowalski, Pawel"]
[Result "0-1"]
[WhiteElo "1109"]
[BlackElo "2134"]
[PlyCount "84"]
[EventDate "2017.10.??"]
[EventType "swiss"]
[EventRounds "9"]
[EventCountry "POL"]
[SourceTitle "EXT 2021"]
[Source "ChessBase"]
[SourceDate "2020.10.23"]
[SourceVersion "1"]
[SourceVersionDate "2020.10.23"]
[SourceQuality "1"]

1. e4 d6 2. d4 Nf6 3. Nc3 g6 4. Nf3 Bg7 5. Bc4 0-0 6. 0-0 a6 7. h3 b5 8. Bd3 Bb7 9. Re1 Nfd7 10. Be3 c5 11. dxc5 Nxc5 12. Bxc5 dxc5 13. e5 Nc6 14. Be4 e6 15. Bxc6 Bxc6 16. Nh2 Qc7 17. f4 Rfd8 18. Qe2 Rd4 19. Qe3 Bb7 20. Rad1 Rad8 21. Qf2 h5 22. Nf3 Rxd1 23. Rxd1 Rxd1+ 24. Nxd1 Bf8 25. g4 Qc6 26. Kg2 hxg4 27. hxg4 c4 28. Kg3 Bc5 29. Nd4 Qe4 30. c3 Qd3+ 31. Ne3 Bxd4 32. cxd4 Qxd4 33. Nf1 Qd3+ 34. Kh4 Kg7 35. Ng3 Qd8+ 36. g5 Bd5 37. Qa7 Bf3 38. Nf1 Be4 39. Qxa6 Qh8+ 40. Kg3 Qh1 41. Kf2 Qf3+ 42. Ke1 Bd3 0-1

[Event "Wloclawek CC Classic 19th"]
[Site "Wloclawek"]
[Date "2017.??.??"]
[Round "1"]
[White "Milecki, Robert"]
[Black "Grochowalski, Pawel"]
[Result "1/2-1/2"]
[WhiteElo "1515"]
[BlackElo "2151"]
[PlyCount "107"]
[EventDate "2017.06.??"]
[EventType "swiss"]
[EventRounds "7"]
[EventCountry "POL"]
[SourceTitle "EXT 2021"]
[Source "ChessBase"]
[SourceDate "2020.10.23"]
[SourceVersion "1"]
[SourceVersionDate "2020.10.23"]
[SourceQuality "1"]

1. e4 c6 2. d4 g6 3. Nf3 Bg7 4. Bf4 d5 5. Nc3 dxe4 6. Nxe4 Qa5+ 7. Bd2 Qd5 8. Nc3 Qd8 9. Be3 Nf6 10. h3 0-0 11. Bd3 Nd5 12. Nxd5 cxd5 13. Qd2 Nc6 14. c3 Re8 15. 0-0 Bd7 16. Bh6 Qc8 17. Bxg7 Kxg7 18. Rfe1 Bf5 19. Bb5 Bd7 20. Qg5 e6 21. Re2 f6 22. Qg3 Qb8 23. Qxb8 Raxb8 24. Rae1 Kf7 25. Nd2 Re7 26. f4 Nxd4 27. cxd4 Bxb5 28. Re3 Rc8 29. Nb3 b6 30. g4 Ree8 31. Nd2 Rc2 32. Nf3 Rxb2 33. a4 Bd7 34. g5 Rc2 35. gxf6 Kxf6 36. Ne5 Rc7 37. a5 bxa5 38. Nd3 Rc4 39. Nc5 Bc8 40. Rd1 Ke7 41. Kf2 Kd6 42. Ra3 g5 43. Rxa5 gxf4 44. Rxa7 e5 45. Rxh7 Rc2+ 46. Kf3 Rc3+ 47. Kf2 Rxh3 48. Nb7+ Kc6 49. Rc1+ Kb6 50. Rb1+ Kc6 51. Rc1+ Kb6 52. Rb1+ Kc6 53. Rc1+ Kb6 54. Rb1+ 1/2-1/2

[Event "POL-chT3 Kujawsko Pomorskie 1617"]
[Site "Poland"]
[Date "2016.11.20"]
[Round "2.4"]
[White "Czarnolewski, Piotr"]
[Black "Grochowalski, Pawel"]
[Result "0-1"]
[WhiteElo "1672"]
[BlackElo "2136"]
[PlyCount "84"]
[EventDate "2016.11.06"]
[EventType "team-tourn"]
[EventRounds "9"]
[EventCountry "POL"]
[SourceTitle "EXT 2018"]
[Source "ChessBase"]
[SourceDate "2017.10.13"]
[SourceVersion "1"]
[SourceVersionDate "2017.10.13"]
[SourceQuality "1"]

1. e4 c6 2. d4 d5 3. e5 c5 4. dxc5 Nc6 5. Bb5 Bf5 6. Nf3 Rc8 7. 0-0 Bg4 8. c3 e6 9. Be3 Nge7 10. Nbd2 Ng6 11. h3 Bxf3 12. Nxf3 Be7 13. Bd4 0-0 14. b4 b6 15. Bxc6 bxc5 16. b5 cxd4 17. cxd4 Qb6 18. a4 a5 19. Qd2 Bb4 20. Qe3 Ne7 21. Rfc1 Nxc6 22. bxc6 Rxc6 23. Qb3 Rfc8 24. Rxc6 Rxc6 25. Qd1 Qc7 26. Qd3 h6 27. Rd1 Rc4 28. g4 Rc3 29. Qe2 Qc4 30. Qxc4 dxc4 31. Kg2 Ra3 32. d5 exd5 33. Rxd5 Rxa4 34. Rd8+ Kh7 35. Rd7 Ra2 36. Rxf7 Re2 37. Nd4 Rxe5 38. Nf5 c3 39. Rxg7+ Kh8 40. Rg6 c2 41. Rxh6+ Kg8 42. Rc6 Rc5 0-1

[Event "Wloclawek-ch"]
[Site "Wloclawek"]
[Date "2016.??.??"]
[Round "4"]
[White "Augustowski, Janusz"]
[Black "Grochowalski, Pawel"]
[Result "0-1"]
[WhiteElo "1743"]
[BlackElo "2136"]
[PlyCount "80"]
[EventDate "2016.09.??"]
[EventType "swiss"]
[EventRounds "9"]
[EventCountry "POL"]
[SourceTitle "EXT 2021"]
[Source "ChessBase"]
[SourceDate "2020.10.23"]
[SourceVersion "1"]
[SourceVersionDate "2020.10.23"]
[SourceQuality "1"]

1. Nf3 d5 2. d4 c6 3. g3 Bf5 4. Bg2 e6 5. 0-0 Nf6 6. b3 h6 7. c4 Be7 8. Nbd2 0-0 9. Ne5 Nbd7 10. Ndf3 Nxe5 11. Nxe5 Nd7 12. cxd5 Nxe5 13. dxe5 cxd5 14. Bb2 Rc8 15. Bd4 Qa5 16. a3 Bc2 17. Qe1 Qb5 18. b4 b6 19. Qd2 Bb3 20. Rfc1 Bc4 21. e3 Qa4 22. Bf3 Ba6 23. Bd1 Rxc1 24. Qxc1 Qb5 25. Bf3 Rc8 26. Qb2 Qd3 27. Rc1 Rxc1+ 28. Qxc1 Bc4 29. h4 Bd8 30. Bc3 Bc7 31. Kg2 Kf8 32. Qb2 Ke7 33. a4 Kd7 34. b5 Bd8 35. Bb4 g6 36. Bf8 h5 37. Qb4 Qf1+ 38. Kh2 Qxf2+ 39. Bg2 Bf1 40. Qd6+ Ke8 0-1

[Event "Wloclawek-ch"]
[Site "Wloclawek"]
[Date "2016.??.??"]
[Round "6"]
[White "Garbowski, Jerzy"]
[Black "Grochowalski, Pawel"]
[Result "1/2-1/2"]
[WhiteElo "1655"]
[BlackElo "2136"]
[PlyCount "33"]
[EventDate "2016.09.??"]
[EventType "swiss"]
[EventRounds "9"]
[EventCountry "POL"]
[SourceTitle "EXT 2021"]
[Source "ChessBase"]
[SourceDate "2020.10.23"]
[SourceVersion "1"]
[SourceVersionDate "2020.10.23"]
[SourceQuality "1"]

1. e4 a6 2. d4 b5 3. Bd3 Bb7 4. f4 e6 5. Nf3 c5 6. c3 Nf6 7. Qe2 Be7 8. 0-0 Nc6 9. Nbd2 Qb6 10. dxc5 Bxc5+ 11. Kh1 Ng4 12. h3 Nf2+ 13. Kh2 Nxd3 14. Qxd3 Qc7 15. e5 Be7 16. Ne4 Na5 17. Rd1 1/2-1/2